| 000 | 00389cam a22001097a 4500 | ||
|---|---|---|---|
| 008 | 180718b1976 xxu||||| |||| 00| 0 eng d | ||
| 082 | _aD44 In8 | ||
| 245 |
_aCase concerning trial of Pakistani prisoners of war (Pakistan V India) _cby International Court of Justice |
||
| 260 |
_aThe Hague _bInternational Court of Justice _c1976 |
||
| 300 | _a177+p. | ||
| 700 | _aInternational Court of Justice | ||
| 999 |
_c490074 _d490074 |
||